Statistics for Most Expensive Transfers by Premier League Club

Click here to take the quiz!

General Stats

  • This quiz has been taken 67 times
    (43 since last reset)
  • The average score is 12 of 20

Answer Stats

ClubPlayerNationalityFromCountryFeeYear% Correct
ArsenalDeclan RiceEnglishWest Ham UnitedEngland€116.6m2023
94%
Newcastle UnitedAlexander IsakSwedishReal SociedadSpain€70m2022
86%
Manchester CityJack GrealishEnglishAston VillaEngland€117.5m2021
86%
Aston VillaMoussa DiabyFrenchBayer LeverkusenGermany€55m2023
83%
Manchester UnitedPaul PogbaFrenchJuventusItaly€105m2016
83%
LiverpoolVirgil van DijkDutchSouthamptonEngland€84.65m2017
83%
EvertonGylfi SigurdssonIcelandicSwansea CityWales€49.4m2017
80%
Brighton & Hove AlbionJoao PedroBrazilianWatfordEngland€34.2m2023
77%
Tottenham HotspursCristian RomeroArgentinianAtalantaItaly€50m2022
74%
Crystal PalaceChristian BentekeBeglianLiverpoolEngland€31.2m2016
71%
West Ham UnitedLucas PaquetáBrazilianOlimpique LyonFrance€42.95m2022
71%
Wolverhampton WanderersMatheus CunhaBrazilianAtlético MadridSpain€50m2023
57%
BrentfordNathan CollinsIrishWolverhampton WanderersEngland€26.85m2023
57%
Nottingham ForestMorgan Gibbs-WhiteEnglishWolverhampton WanderersEngland€29.5m2022
51%
A.F.C BournemouthJefferson LermaColombianLevanteSpain€30.5m2018
49%
Sheffield UnitedRhian BrewsterEnglishLiverpoolEngland€26m2020
46%
FulhamJean Michael SeriIvorianOGC NiceFrance€30m2018
40%
BurnleyZeki AmdouniTurkishFC BaselSwitzerland€18.6m2023
34%
Luton TownRyan GilesEnglishWolverhampton WanderersEngland€5.85m2023
6%
ChelseaEnzo FernádezArgentinianBenficaPortugal€121m2023
3%

Score Distribution

Percentile by Number Answered

Percent of People with Each Score

Your Score History

You have not taken this quiz since the last reset